Zákaz prenosu daňovej povinnosti pri prevode majetku

Prevod nehnuteľností a kúpna zmluva. Úhrada dane z prevodu nehnuteľností. Daňová povinnosť vyplývajúca z prevodu nehnuteľností. Ručiteľ v daňovom konaní. Konštrukcia daňového priznania k dani z prevodu. Zákaz prenosu daňovej povinnosti pri darovaní majetku. Darovanie do cudziny.

Gespeichert in:
Bibliographische Detailangaben
1. Verfasser: Mäsiarová, Terézia
Format: Buchkapitel
Sprache:Slowakisch
Schlagworte:
Tags: Tag hinzufügen
Keine Tags, Fügen Sie das erste Tag hinzu!

MARC

LEADER 00000naa a2200000 4500
001 r030553
005 20230919080827.3
041 0 |a slo 
044 |a SK 
245 1 0 |a Zákaz prenosu daňovej povinnosti pri prevode majetku  |c Terézia Mäsiarová 
520 |a Prevod nehnuteľností a kúpna zmluva. Úhrada dane z prevodu nehnuteľností. Daňová povinnosť vyplývajúca z prevodu nehnuteľností. Ručiteľ v daňovom konaní. Konštrukcia daňového priznania k dani z prevodu. Zákaz prenosu daňovej povinnosti pri darovaní majetku. Darovanie do cudziny. 
610 2 0 |a povinnosť daňová 
610 2 0 |a zmluvy kúpne 
610 2 0 |a nehnuteľnosti 
610 2 0 |a kúpa 
610 2 0 |a predaj 
610 2 0 |a dary 
610 2 0 |a osoby fyzické 
610 2 0 |a osoby právnické 
610 2 0 |a daňovníci 
100 1 |a Mäsiarová, Terézia